<?xml version="1.0" encoding="UTF-8"?>
<record
    xmlns:xsi="http://www.w3.org/2001/XMLSchema-instance"
    xsi:schemaLocation="http://www.loc.gov/MARC21/slim http://www.loc.gov/standards/marcxml/schema/MARC21slim.xsd"
    xmlns="http://www.loc.gov/MARC21/slim">

  <leader>00517nam a22001337a 4500</leader>
  <controlfield tag="008">230627b        |||||||| |||| 00| 0 eng d</controlfield>
  <datafield tag="040" ind1=" " ind2=" ">
    <subfield code="a">National Science Library</subfield>
    <subfield code="c">National Science Library</subfield>
  </datafield>
  <datafield tag="080" ind1=" " ind2=" ">
    <subfield code="a">622.012.2(082.2)</subfield>
    <subfield code="b">P5</subfield>
  </datafield>
  <datafield tag="245" ind1=" " ind2=" ">
    <subfield code="a">National seminar on policies, statutes &amp; Legislation in mines: </subfield>
    <subfield code="b">Postale 2005, July 30-31, 2005</subfield>
    <subfield code="c">/ Central Mining Research Institute, Dhandbad </subfield>
  </datafield>
  <datafield tag="260" ind1=" " ind2=" ">
    <subfield code="a">Dhandbad: </subfield>
    <subfield code="b">Central Mining Research Institute, </subfield>
    <subfield code="c">2005</subfield>
  </datafield>
  <datafield tag="650" ind1=" " ind2=" ">
    <subfield code="a">Geography </subfield>
  </datafield>
  <datafield tag="653" ind1=" " ind2=" ">
    <subfield code="a">Mines </subfield>
  </datafield>
  <datafield tag="942" ind1=" " ind2=" ">
    <subfield code="2">udc</subfield>
    <subfield code="c">WOR</subfield>
  </datafield>
  <datafield tag="999" ind1=" " ind2=" ">
    <subfield code="c">47916</subfield>
    <subfield code="d">47916</subfield>
  </datafield>
  <datafield tag="952" ind1=" " ind2=" ">
    <subfield code="0">0</subfield>
    <subfield code="1">0</subfield>
    <subfield code="2">udc</subfield>
    <subfield code="4">0</subfield>
    <subfield code="6">62201220822_P5</subfield>
    <subfield code="7">0</subfield>
    <subfield code="9">73332</subfield>
    <subfield code="a">NSL</subfield>
    <subfield code="b">NSL</subfield>
    <subfield code="c">GF/Rk-13/C-9/R-5</subfield>
    <subfield code="d">2006-04-17</subfield>
    <subfield code="l">0</subfield>
    <subfield code="o">622.012.2(082.2) P5</subfield>
    <subfield code="p">226472</subfield>
    <subfield code="r">2023-06-27 00:00:00</subfield>
    <subfield code="w">2006-04-17</subfield>
    <subfield code="y">WOR</subfield>
  </datafield>
</record>
